| 000 | 00994cam a2200301 a 4500 | ||
|---|---|---|---|
| 001 | 13423981 | ||
| 003 | OSt | ||
| 005 | 20230602143055.0 | ||
| 008 | 030923s2002 ke a s f000 0 eng | ||
| 010 | _a 2003405771 | ||
| 035 | _a(DLC) 2003405771 | ||
| 040 |
_aDLC _cDLC _dDLC |
||
| 042 | _alcode | ||
| 043 | _af-ke--- | ||
| 050 | 0 | 0 |
_aHA4693 _b.A4 1999 |
| 082 | 0 | 0 |
_a304.096762 _bKEN |
| 245 | 0 | 0 |
_aKenya 1999 population and housing census : _bAnalytical Report on Mortality |
| 260 |
_aNairobi, Kenya : _bCentral Bureau of Statistics, Ministry of Finance and Planning, _c[2002] |
||
| 300 |
_aix, 89 p. : _bcol. ill. ; _c30 cm. |
||
| 500 | _a"August 2002." | ||
| 650 | 0 |
_aHousing _zKenya _vStatistics. |
|
| 651 | 0 |
_aKenya _xCensus, 1999. |
|
| 651 | 0 |
_aKenya _xPopulation _vStatistics. |
|
| 710 | 1 |
_aKenya. _bCentral Bureau of Statistics. |
|
| 906 |
_a7 _bcbc _corigode _d3 _encip _f20 _gy-gencatlg |
||
| 942 |
_2ddc _cBK |
||
| 999 |
_c177 _d177 |
||